000 00851nam a2200253Ia 4500
003 OSt
005 20220926012159.0
006 a|||||r|||| 00| 0
007 ta
008 220923b |||||||| |||| 00| 0 eng d
020 _a9781845457426
_c2554.3000000000002
037 _b102/2011-12, 22/07/2011, PIONEER BOOK DISTRIBUTORS
_cGeneral Book
040 _aRTL
_cRTL
_beng
041 _2eng
_aeng
082 _aY72:582.95.N9, Q0
100 _aMANGER Leif
_9315722
245 0 _aHadrami diaspora
_b Community-building on the Indian Ocean rim
260 _aNew York
_bBerghahn Books
_c2010
300 _axiii, 201p
_ccm.
500 _aBibliography: P 173-98
650 _aGeography
942 _hY72:582.95.N9, Q0
_cGB
_2CC
999 _c621985
_d621985